[Event "Challenge Frank"]
[Site "SchemingMind.com"]
[Date "2015.06.21"]
[Round "-"]
[White "Transcendent"]
[Black "frankly"]
[Result "0-1"]
[WhiteCountry "ENG"]
[BlackCountry "ENG"]
[WhiteElo "1606"]
[WhiteRD "64"]
[BlackElo "2460"]
[BlackRD "56"]
[GameID "382430"]

1. d4 Nf6 2. c4 e6 3. g3 d5 4. Nf3 dxc4 5. Bg2 Nc6 6. Qa4 Bb4+ 7. Bd2 Bd6 8. Na3 Bd7 9. Nxc4 Ne4 10. Qb3 Nxd2
11. Ncxd2 O-O 12. O-O a5 13. Ne4 a4 14. Qd3 Qe7 15. a3 e5 16. Nxd6 cxd6 17. dxe5 dxe5 18. Nd2 Nd4 19. e3 Bb5 20. Nc4 Nb3
21. Rad1 Qc5 22. Bd5 Rac8
0-1

[Event "Challenge Frank"]
[Site "SchemingMind.com"]
[Date "2015.06.21"]
[Round "-"]
[White "frankly"]
[Black "Transcendent"]
[Result "1-0"]
[WhiteCountry "ENG"]
[BlackCountry "ENG"]
[WhiteElo "2460"]
[WhiteRD "56"]
[BlackElo "1606"]
[BlackRD "64"]
[GameID "382431"]

1. d4 d5 2. Nf3 Nf6 3. c4 c6 4. Nc3 dxc4 5. a4 Bf5 6. e3 e6 7. Bxc4 Bb4 8. O-O O-O 9. Qe2 Bg6 10. Ne5 Nbd7
11. Nxg6 hxg6 12. Rd1 Qe7 13. e4 Nb6 14. Bd3 Rad8 15. a5 Nbd7 16. e5 Nd5 17. Nxd5 cxd5 18. Ra4 b6 19. h4 bxa5 20. Bg5 f6
21. exf6 gxf6 22. Bh6 f5 23. Bxf8 Rxf8 24. Raa1 Qf6 25. Bb5 Nb6 26. Rac1 Nc8 27. Bd7 Nd6 28. Bxe6+
1-0

[Event "Challenge Frank"]
[Site "SchemingMind.com"]
[Date "2015.06.24"]
[Round "-"]
[White "Transcendent"]
[Black "Chessibelle"]
[Result "1-0"]
[WhiteCountry "ENG"]
[BlackCountry "ENG"]
[WhiteElo "1552"]
[WhiteRD "68"]
[BlackElo "1215"]
[BlackRD "58"]
[GameID "382512"]

1. d4 d5 2. c4 Nf6 3. cxd5 Qxd5 4. Nc3 Qd8 5. e4 Nfd7 6. Nf3 e6 7. Be2 Be7 8. O-O c5 9. d5 Qb6 10. Na4 Qd8
11. d6 Bf8 12. Be3 b6 13. Nc3 Bb7 14. e5 g6 15. Nb5 Bg7 16. Nc7+ Kf8 17. Bg5 f6 18. exf6 Bxf6 19. Nxe6+
1-0

[Event "Challenge Frank"]
[Site "SchemingMind.com"]
[Date "2015.06.24"]
[Round "-"]
[White "Chessibelle"]
[Black "Transcendent"]
[Result "0-1"]
[WhiteCountry "ENG"]
[BlackCountry "ENG"]
[WhiteElo "1146"]
[WhiteRD "58"]
[BlackElo "1606"]
[BlackRD "64"]
[GameID "382513"]

1. Nf3 d5 2. d4 Nf6 3. Nc3 Bf5 4. e3 e6 5. Bb5+ c6 6. Be2 Bd6 7. g3 O-O 8. Bd2 Nbd7 9. Ng5 h6 10. a3 hxg5
11. b4 Nb6 12. Bf3 Nc4 13. Bc1 e5 14. O-O exd4 15. Qxd4 Be5 16. Qd1 Bxc3 17. Bg2 Bxa1 18. Qe2 Re8 19. f4 Bg4 20. Qd3 gxf4
21. exf4 Re2 22. c3 Re7 23. f5 Nd6 24. Bd2 Bb2 25. h3 Be2 26. Qb1 Bxf1 27. Bxf1 Bxa3 28. Qa1 Bxb4 29. cxb4 Qb6+ 30. Kg2 Nfe4
31. Be1 Nc4 32. Qc1 Rae8 33. Qd1 Nf6 34. Bf2 Qxb4 35. h4 Qd2 36. Qb1 Ne3+ 37. Kg1 Nxf1
0-1

[Event "Challenge Frank"]
[Site "SchemingMind.com"]
[Date "2015.06.24"]
[Round "-"]
[White "Chessibelle"]
[Black "frankly"]
[Result "0-1"]
[WhiteCountry "ENG"]
[BlackCountry "ENG"]
[WhiteElo "1216"]
[WhiteRD "58"]
[BlackElo "2425"]
[BlackRD "59"]
[GameID "382514"]

1. Nf3 d5 2. d4 Nf6 3. e3 e6 4. Nc3 c5 5. Bb5+ Bd7 6. Bd3 Nc6 7. O-O h6 8. e4 cxd4 9. Ne2 dxe4 10. Bc4 exf3
11. gxf3 Ne5 12. Bb3 Nxf3+ 13. Kg2 Bc6 14. Qd3 Ne1+
0-1

[Event "Challenge Frank"]
[Site "SchemingMind.com"]
[Date "2015.06.24"]
[Round "-"]
[White "frankly"]
[Black "Chessibelle"]
[Result "1-0"]
[WhiteCountry "ENG"]
[BlackCountry "ENG"]
[WhiteElo "2425"]
[WhiteRD "59"]
[BlackElo "1216"]
[BlackRD "58"]
[GameID "382515"]

1. d4 d5 2. Nf3 Nf6 3. c4 e6 4. Nc3 Nc6 5. a3 a6 6. e3 Be7 7. h3 O-O 8. Qc2 g6 9. Be2 Re8 10. O-O Bd6
11. Rd1 e5 12. cxd5 Ne7 13. dxe5 Bc5 14. exf6 Nf5 15. e4 Nd6 16. e5 Bf5 17. Qd2 Ne4 18. Nxe4 Bxe4 19. d6 cxd6 20. Qh6
1-0

[Event "Challenge Frank"]
[Site "SchemingMind.com"]
[Date "2015.06.24"]
[Round "-"]
[White "Scooter"]
[Black "Transcendent"]
[Result "1-0"]
[WhiteCountry "USA"]
[BlackCountry "ENG"]
[WhiteElo "1723"]
[WhiteRD "47"]
[BlackElo "1517"]
[BlackRD "52"]
[GameID "382546"]

1. d4 d5 2. Nf3 Nf6 3. Bf4 c5 4. e3 Qb6 5. b3 Bf5 6. Bd3 Bg6 7. Bxg6 hxg6 8. O-O e6 9. c3 Nc6 10. Nbd2 cxd4
11. cxd4 Be7 12. h3 Rc8 13. Rc1 O-O 14. Ne5 Nxe5 15. Bxe5 Nd7 16. Nf3 f6 17. Bg3 Bd6 18. Bxd6 Qxd6 19. Qd2 Kf7 20. Rxc8 Rxc8
21. Rc1 Rxc1+= 22. Qxc1 Qc6 23. Qxc6 bxc6 24. Kf1 e5 25. dxe5 fxe5 26. Ke2 Kf6 27. h4 Nc5 28. g4 Ne4 29. Nd2 Nc3+ 30. Kd3 Nxa2
31. f4 Nb4+ 32. Kc3 a5 33. Nf3 exf4 34. exf4 c5 35. Ne5 Na2+ 36. Kb2 Nb4 37. Nd7+ Ke6 38. Nxc5+ Ke7 39. Kc3 Nc6 40. Nd3 Kd6
41. b4 axb4+ 42. Nxb4 d4+ 43. Kc4 Nxb4 44. Kxb4 Kd5 45. f5 gxf5 46. gxf5 d3 47. Kc3 Ke5 48. h5 Kxf5 49. Kxd3 Kg5 50. Ke4 Kxh5
51. Kf4 Kh4 52. Kf3 Kh3 53. Kf4 Kh4 54. Kf3 Kh3 55. Kf4 Kh4 56. Kf3 Kg5 57. Kg3 g6 58. Kh3 Kf4 59. Kg2 Kg4 60. Kh2 Kf3
61. Kg1
1-0

[Event "Challenge Frank"]
[Site "SchemingMind.com"]
[Date "2015.06.25"]
[Round "-"]
[White "Transcendent"]
[Black "Scooter"]
[Result "0-1"]
[WhiteCountry "ENG"]
[BlackCountry "USA"]
[WhiteElo "1517"]
[WhiteRD "52"]
[BlackElo "1723"]
[BlackRD "47"]
[GameID "382547"]

1. d4 Nf6 2. c4 g6 3. g3 Bg7 4. Bg2 O-O 5. Nc3 d6 6. Nf3 c6 7. O-O Bg4 8. h3 Bxf3 9. Bxf3 Nbd7 10. e4 e5
11. d5 c5 12. Kg2 a6 13. a4 b6 14. Be3 Qc7 15. Qd2 Rab8 16. Kh2 Rfe8 17. Bg2 h5 18. f4 exf4 19. gxf4 Nh7 20. Rg1 Bxc3
21. Qxc3 b5 22. axb5 axb5 23. cxb5 Rxb5 24. Ra6 Rb6 25. Rga1 Reb8 26. R1a2 Rxa6 27. Rxa6 Nhf6 28. e5 dxe5 29. fxe5 Ne8 30. d6 Qd8
31. Bd5 Nb6 32. Qxc5 Nxd5 33. Qxd5 Rxb2+ 34. Kg3 h4+ 35. Kf3 Qd7 36. e6 fxe6 37. Qe5 Qb7+ 38. Kg4 Rb4+ 39. Kg5 Rb5 40. Bc5 Kh7
41. Ra4 Qg2+ 42. Rg4 Qd2+ 43. Kxh4 Qh6+ 44. Kg3 Rb3+ 45. Kf2 Qxh3 46. Qe4 Rb2+ 47. Ke1 Qc3+ 48. Kd1 Qd2#
0-1

[Event "Challenge Frank"]
[Site "SchemingMind.com"]
[Date "2015.06.24"]
[Round "-"]
[White "Scooter"]
[Black "Chessibelle"]
[Result "1-0"]
[WhiteCountry "USA"]
[BlackCountry "ENG"]
[WhiteElo "1712"]
[WhiteRD "45"]
[BlackElo "1215"]
[BlackRD "58"]
[GameID "382548"]

1. d4 d5 2. Nf3 Nf6 3. Bf4 Nc6 4. e3 g6 5. Bb5 Bd7 6. O-O Bg7 7. Nbd2 O-O 8. h3 Qe8 9. c4 Qc8 10. b3 Bf5
11. Bxc6 bxc6 12. Rc1 Qb7 13. cxd5 cxd5 14. Rxc7 Qb4 15. Ne5 Qa3 16. Nc6 e6 17. Ne7+ Kh8 18. Nxf5 gxf5 19. Qc2 Qa6 20. Nf3 Ne8
21. Rc6 Qa3 22. Ne5 Qe7 23. Rc1 Nf6 24. Rc7 Qe8 25. Qc6 Qb8 26. Nxf7+ Kg8 27. Re7 Qb4 28. Qxe6 Rae8 29. Rxe8 Nxe8 30. Nh6+ Kh8
31. Qg8+
1-0

[Event "Challenge Frank"]
[Site "SchemingMind.com"]
[Date "2015.06.25"]
[Round "-"]
[White "Chessibelle"]
[Black "Scooter"]
[Result "0-1"]
[WhiteCountry "ENG"]
[BlackCountry "USA"]
[WhiteElo "1215"]
[WhiteRD "58"]
[BlackElo "1712"]
[BlackRD "45"]
[GameID "382549"]

1. Nf3 Nf6 2. d4 g6 3. e3 Bg7 4. Bd2 O-O 5. Be2 d6 6. Nc3 Bg4 7. a3 Nbd7 8. b4 a6 9. Bd3 Re8 10. O-O e5
11. d5 e4 12. Be2 exf3 13. Bxf3 Bxf3 14. Qxf3 Ne5 15. Qe2 Qe7 16. f3 Ned7 17. f4 Ne4 18. Qd3 Nxc3 19. Rac1 Ne4 20. Be1 Nef6
21. Bh4 Qxe3+ 22. Kh1 Qxd3 23. cxd3 Nxd5 24. f5 Ne3 25. Rf3 Nxf5 26. Bf2 Ne5 27. Rh3 Nxd3 28. Rxd3 Re2 29. Bg1 Re7 30. a4 Rae8
31. Bf2 Bh6 32. Rcd1 Re2 33. Kg1 Be3 34. Rf1 Bxf2+ 35. Rxf2 Rxf2 36. Kxf2 Re4 37. Rc3 c6 38. h3 Rxb4 39. a5 Rb5 40. Kf3 Rxa5
41. Rb3 Nd4+
0-1

[Event "Challenge Frank"]
[Site "SchemingMind.com"]
[Date "2015.06.25"]
[Round "-"]
[White "Scooter"]
[Black "frankly"]
[Result "0-1"]
[WhiteCountry "USA"]
[BlackCountry "ENG"]
[WhiteElo "1726"]
[WhiteRD "46"]
[BlackElo "2425"]
[BlackRD "59"]
[GameID "382550"]

1. d4 Nf6 2. Nf3 d5 3. Bf4 Bf5 4. e3 e6 5. Bd3 Ne4 6. O-O Nc6 7. a3 g5 8. Bxe4 dxe4 9. Ne5 gxf4 10. Nxc6 bxc6
11. exf4 Rg8 12. g3 c5 13. dxc5 Qxd1 14. Rxd1 Bxc5 15. c3 e3 16. fxe3 Bxe3+ 17. Kf1 Bc2
0-1

[Event "Challenge Frank"]
[Site "SchemingMind.com"]
[Date "2015.06.25"]
[Round "-"]
[White "frankly"]
[Black "Scooter"]
[Result "1-0"]
[WhiteCountry "ENG"]
[BlackCountry "USA"]
[WhiteElo "2436"]
[WhiteRD "60"]
[BlackElo "1712"]
[BlackRD "45"]
[GameID "382551"]

1. d4 Nf6 2. Nf3 g6 3. c4 Bg7 4. Nc3 O-O 5. e4 d6 6. Be2 Bg4 7. Be3 Nfd7 8. O-O e5 9. Bg5 Bf6 10. Bxf6 Nxf6
11. dxe5 Bxf3 12. exf6 Bxe2 13. Qxe2 Qxf6 14. f4 c6 15. Rad1 Rd8 16. e5 dxe5 17. fxe5 Qe7 18. Rxd8+ Qxd8 19. e6 f6 20. e7 Qe8
21. Qe6+
1-0

[Event "Challenge Frank"]
[Site "SchemingMind.com"]
[Date "2015.06.25"]
[Round "-"]
[White "Scooter"]
[Black "ray winteringham"]
[Result "1-0"]
[WhiteCountry "USA"]
[BlackCountry "ENG"]
[WhiteElo "1712"]
[WhiteRD "45"]
[BlackElo "1497"]
[BlackRD "49"]
[GameID "382568"]

1. d4 d5 2. Nf3 Nf6 3. Bf4 h6 4. e3 Bf5 5. Bd3 e6 6. Bxf5 exf5 7. O-O c6 8. h3 Bd6 9. Bxd6 Qxd6 10. c3 O-O
11. Nbd2 Nbd7 12. Re1 b5 13. b4 Nh7 14. a4 a6 15. Qc2 g6 16. axb5 axb5 17. Qb2 Nhf6 18. Rxa8 Rxa8 19. Ra1 Re8 20. Ra7 Qb8
21. Qa2 Nb6 22. Ne5 Rf8 23. Nxc6 Qe8 24. Ne5 Nfd7 25. Nxd7 Nxd7 26. Qa5 Nf6 27. Rb7 Qa8 28. Qxb5 Qa1+ 29. Nf1 Qxc3 30. Rb8 Ne4
31. Rxf8+ Kxf8 32. Qxd5 Qe1 33. f3 Kg8 34. fxe4 Qxb4 35. exf5 gxf5 36. Qxf5 Qb6 37. Qc5
1-0

[Event "Challenge Frank"]
[Site "SchemingMind.com"]
[Date "2015.06.25"]
[Round "-"]
[White "ray winteringham"]
[Black "Scooter"]
[Result "0-1"]
[WhiteCountry "ENG"]
[BlackCountry "USA"]
[WhiteElo "1497"]
[WhiteRD "49"]
[BlackElo "1712"]
[BlackRD "45"]
[GameID "382569"]

1. e4 c6 2. d4 d5 3. exd5 cxd5 4. Be3 Bf5 5. Bd3 Bxd3 6. Qxd3 Nf6 7. Nf3 g6 8. h3 Bg7 9. Nbd2 O-O 10. O-O Nc6
11. c3 Re8 12. a3 Rc8 13. Qb5 b6 14. Qe2 e5 15. dxe5 Nxe5 16. Rad1 Nxf3+ 17. Nxf3 Bh6 18. Qd3 Bxe3 19. fxe3 Qe7 20. Nd4 Nd7
21. Rfe1 Nc5 22. Qb5 Qe4 23. Nc6 Rc7 24. Rd4 Qe6 25. Nb4 Rd8 26. Qe2 a5 27. Nd3 Nb3 28. Rf4 Re7 29. Nf2 Rde8 30. Qd3 Nc5
31. Qc2 Qd6 32. b4 Ne6 33. Rf3 Ng5 34. Rf4 Rxe3 35. Rxe3 Rxe3 36. Rg4 Re1#
0-1

[Event "Challenge Frank"]
[Site "SchemingMind.com"]
[Date "2015.06.25"]
[Round "-"]
[White "Transcendent"]
[Black "ray winteringham"]
[Result "0-1"]
[WhiteCountry "ENG"]
[BlackCountry "ENG"]
[WhiteElo "1606"]
[WhiteRD "64"]
[BlackElo "1499"]
[BlackRD "50"]
[GameID "382570"]

1. d4 d5 2. c4 c6 3. Nf3 Bg4 4. Qb3 Qb6 5. Ne5 Be6 6. e3 f6 7. Nc3 fxe5 8. c5 Qxb3 9. axb3 e4 10. b4 Nf6
11. b5 Nbd7 12. b4 g6 13. bxc6 bxc6 14. b5 cxb5 15. Nxb5 Kf7 16. Rxa7 Bg7 17. c6 Nb6 18. Ba3 Rxa7 19. Nxa7 Ra8 20. Nb5 Ne8
21. Kd2 Nc4+ 22. Bxc4 dxc4 23. Rc1 Nf6 24. Bc5 Ra2+ 25. Ke1 Ng4 26. Nc3 Rxf2 27. Nxe4 Rxg2 28. c7 Rg1+ 29. Kd2 Rxc1 30. Ng5+ Ke8
31. Nxe6 Kd7 32. Kxc1 Bf6 33. Nf8+ Kxc7 34. Nxh7 Nxe3 35. h3 Nd5 36. Nf8 g5 37. Kd2 Kc6 38. Ng6 Nf4 39. Nxe7+ Bxe7 40. Bxe7 Nxh3
41. Bf6 g4 42. Bh4 Kd5 43. Ke3 Ng1 44. Be1 Nh3 45. Bg3 Ng5 46. Kf4 Ne6+ 47. Kxg4= Nxd4 48. Be1 Ke4 49. Bc3 Ke3 50. Kg3 Ne2+
0-1

[Event "Challenge Frank"]
[Site "SchemingMind.com"]
[Date "2015.06.25"]
[Round "-"]
[White "ray winteringham"]
[Black "Transcendent"]
[Result "0-1"]
[WhiteCountry "ENG"]
[BlackCountry "ENG"]
[WhiteElo "1499"]
[WhiteRD "50"]
[BlackElo "1606"]
[BlackRD "64"]
[GameID "382571"]

1. e4 e6 2. d4 d5 3. Nc3 Bb4 4. Bd2 dxe4 5. Nxe4 Qxd4 6. Nc3 Qe5+ 7. Qe2 Qxe2+ 8. Bxe2 Nf6 9. Nf3 b6 10. O-O Bb7
11. a3 Bd6 12. h3 O-O 13. Nd1 Nbd7 14. Ne3 Ne5 15. Nxe5 Bxe5 16. Rab1 Rfd8 17. Rfd1 c5 18. f3 Bd4 19. Kh1 Nd5 20. Ng4 h5
21. Nh2 Be3 22. Bxe3 Nxe3 23. Rdc1 Rd2 24. Bd3 Nxg2 25. Rg1 Nh4 26. Rbf1 Rd8 27. Rd1 Rxd1 28. Rxd1 Nxf3 29. Bh7+ Kxh7 30. Rxd8 Ng5+
31. Kg1 Nxh3+ 32. Kf1 Be4 33. c3 Nf4 34. Rd7 Nd3 35. Rxf7 Nxb2 36. Rxa7 Kh6 37. Ke2 Nc4 38. Re7 Bf5 39. a4 g5 40. Nf3 h4
41. Rd7 h3 42. Kf2 Nb2 43. Ra7 Nd3+ 44. Kg3 Nc1 45. Ng1 g4 46. Rd7 Na2 47. c4 Nc3 48. Ra7 Ne4+ 49. Kh2 g3+ 50. Kh1 Nf2#
0-1

[Event "Challenge Frank"]
[Site "SchemingMind.com"]
[Date "2015.06.25"]
[Round "-"]
[White "ray winteringham"]
[Black "Chessibelle"]
[Result "1-0"]
[WhiteCountry "ENG"]
[BlackCountry "ENG"]
[WhiteElo "1497"]
[WhiteRD "49"]
[BlackElo "1215"]
[BlackRD "58"]
[GameID "382572"]

1. e4 e5 2. Nf3 Nc6 3. Bc4 h6 4. O-O Nf6 5. d3 d6 6. Be3 Be7 7. Nc3 a6 8. Bd5 Bg4 9. h3 Bd7 10. Ne2 b5
11. a4 Rb8 12. c3 g5 13. g4 h5 14. Bxg5 hxg4 15. hxg4 Bxg4 16. Nh2 Bh3 17. Ng3 Qd7 18. Re1 Rg8 19. Bxf6 Bxf6 20. Qh5 Be6
21. Bxe6 Qxe6 22. Kh1 Ne7 23. Rg1 Kd8 24. Nf5 Kd7 25. Qh7 Qb3 26. Nxe7 Kxe7 27. Rxg8 Qxb2 28. Rag1 Qb3 29. Rxb8 Qxc3 30. Rb7 Qc6
31. Rb8 Qc3 32. Qg8 Ke6 33. Re8+ Be7 34. Qg4+ f5 35. Qxf5#
1-0

[Event "Challenge Frank"]
[Site "SchemingMind.com"]
[Date "2015.06.25"]
[Round "-"]
[White "Chessibelle"]
[Black "ray winteringham"]
[Result "0-1"]
[WhiteCountry "ENG"]
[BlackCountry "ENG"]
[WhiteElo "1215"]
[WhiteRD "58"]
[BlackElo "1497"]
[BlackRD "49"]
[GameID "382573"]

1. Nf3 d5 2. d4 Bf5 3. Nc3 e6 4. e3 Bd6 5. g3 Nf6 6. Be2 O-O 7. Ng5 Nbd7 8. Bf3 h6 9. e4 Bg6 10. e5 Bxe5
11. dxe5 Nh7 12. Nxh7 Bxh7 13. O-O Nxe5 14. Bg2 c6 15. Qe2 Nd7 16. Qg4 Kh8 17. Ne2 Bxc2 18. b3 Bf5 19. Qf4 g5 20. Qd4+ e5
21. Qc3 d4 22. Nxd4 exd4 23. Qc4 Nb6 24. Qe2 Rb8 25. Qh5 Qf6 26. Bb2 c5 27. Rad1 Qg6 28. Qe2 Kh7 29. Rfe1 Nd7 30. Bd5 Rbe8
31. Qb5 b6 32. Re2 Rxe2 33. Qxe2 f6 34. Qe7+ Qg7 35. Qd6 Ne5 36. a3 Qd7 37. Qxd7+ Nxd7 38. b4 Ne5 39. Rd2 Be6 40. Be4+ f5
41. Bc2 Nf3+
0-1

[Event "Challenge Frank"]
[Site "SchemingMind.com"]
[Date "2015.06.25"]
[Round "-"]
[White "ray winteringham"]
[Black "frankly"]
[Result "0-1"]
[WhiteCountry "ENG"]
[BlackCountry "ENG"]
[WhiteElo "1497"]
[WhiteRD "49"]
[BlackElo "2436"]
[BlackRD "60"]
[GameID "382574"]

1. e4 c5 2. Nf3 Nc6 3. Nc3 Nf6 4. d3 d5 5. Bg5 d4 6. Ne2 Qb6 7. b3 h6 8. Bh4 Nh5 9. Qd2 g5 10. Bg3 Nxg3
11. Nxg3 g4 12. Nh4 e6 13. Be2 Be7 14. Ng6 fxg6 15. Bxg4 Qb4 16. Qxb4 Nxb4 17. Kd1 h5 18. Bf3 e5 19. a3 Nc6 20. Kd2 a5
21. h4 a4 22. Bd1 O-O 23. f3 axb3 24. cxb3 Be6 25. Bc2 Rf4 26. Rh2 Rxh4 27. Rah1 Rxh2 28. Rxh2 Rxa3 29. Ne2 Bg5+ 30. Ke1 Ra1+
31. Kf2 Be3+ 32. Kg3 Re1 33. f4 Rxe2 34. Bd1 Bf2+ 35. Kf3 Bg4#
0-1

[Event "Challenge Frank"]
[Site "SchemingMind.com"]
[Date "2015.06.25"]
[Round "-"]
[White "frankly"]
[Black "ray winteringham"]
[Result "1-0"]
[WhiteCountry "ENG"]
[BlackCountry "ENG"]
[WhiteElo "2425"]
[WhiteRD "59"]
[BlackElo "1500"]
[BlackRD "50"]
[GameID "382575"]

1. d4 d5 2. Nf3 Nc6 3. c4 Nf6 4. cxd5 Nxd5 5. e4 Nb6 6. d5 Nb4 7. a3 Na6 8. Ne5 f6 9. Qh5+ g6 10. Nxg6 Rg8
11. Bb5+ c6 12. Ne5+ Rg6 13. Bxc6+ Bd7 14. Nxg6 Bxc6 15. Ne5#
1-0

[Event "Challenge Frank"]
[Site "SchemingMind.com"]
[Date "2015.06.28"]
[Round "-"]
[White "Scooter"]
[Black "Simon Green"]
[Result "1-0"]
[WhiteCountry "USA"]
[BlackCountry "ENG"]
[WhiteElo "1712"]
[WhiteRD "45"]
[BlackElo "1559"]
[BlackRD "51"]
[GameID "382648"]

1. d4 e6 2. Nf3 d5 3. Bf4 Nf6 4. e3 c5 5. Bb5+ Bd7 6. Bxd7+ Nbxd7 7. c3 c4 8. O-O Be7 9. Nbd2 O-O 10. Ne5 Nxe5
11. Bxe5 Nd7 12. Nf3 f6 13. Bg3 b5 14. Re1 Qb6 15. Qc2 b4 16. Rab1 a5 17. e4 b3 18. axb3 cxb3 19. Qd3 a4 20. exd5 e5
21. dxe5 fxe5 22. Nxe5 Nxe5 23. Rxe5 Bc5 24. Re2 a3 25. bxa3 Bxa3 26. d6 Bxd6 27. Re6 Rfd8 28. Rxd6 Rxd6 29. Qxd6 Qa5 30. h3 Qxc3
31. Qe6+ Kh8 32. Qxb3 Qxb3 33. Rxb3 h6 34. Be5 Kh7 35. Rb7 Rg8 36. h4 h5 37. Kf1 Kh6 38. Bxg7+ Rxg7 39. Rxg7 Kxg7 40. Ke2 Kf6
41. Ke3
1-0

[Event "Challenge Frank"]
[Site "SchemingMind.com"]
[Date "2015.06.28"]
[Round "-"]
[White "Simon Green"]
[Black "Scooter"]
[Result "0-1"]
[WhiteCountry "ENG"]
[BlackCountry "USA"]
[WhiteElo "1559"]
[WhiteRD "51"]
[BlackElo "1712"]
[BlackRD "45"]
[GameID "382649"]

1. d4 Nf6 2. e3 g6 3. Bd3 Bg7 4. f4 O-O 5. Nf3 b6 6. O-O Bb7 7. Nbd2 d5 8. Qe1 Nbd7 9. Ne5 e6 10. Ndf3 c5
11. c3 c4 12. Bc2 a6 13. Ng5 h6 14. Ngxf7 Rxf7 15. Nxf7 Kxf7 16. Qg3 Ne4 17. Bxe4 dxe4 18. b4 Nf6 19. h3 Nd5 20. Bd2 Bc6
21. a4 b5 22. a5 Ne7 23. h4 Nf5 24. Qh3 Qxh4 25. Qxh4 Nxh4 26. Kf2 g5 27. fxg5 hxg5 28. Kg3+ Nf5+ 29. Kg4 Kg6 30. Rh1 Nh6+
31. Kg3 Rf8 32. Raf1 Rxf1 33. Rxf1 Nf5+ 34. Kg4 Be8 35. Kh3 Nh4 36. Be1 Nf5 37. Bf2 Ne7 38. g4 Nd5 39. Rc1 e5 40. Kg3 exd4
41. exd4 Nf4 42. Rc2 Bd7 43. Be3 Nd3 44. Rh2 Bf8 45. Rh8 Bd6+ 46. Kh3 Be7 47. Ra8 Ne1 48. Rxa6+ Kf7 49. Ra7 Ke8 50. Rb7 Nc2
51. a6 Bc6 52. Rc7 Bd5 53. Rc8+ Kd7 54. Rh8 Nxe3
0-1

[Event "Challenge Frank"]
[Site "SchemingMind.com"]
[Date "2015.06.29"]
[Round "-"]
[White "Transcendent"]
[Black "Simon Green"]
[Result "0-1"]
[WhiteCountry "ENG"]
[BlackCountry "ENG"]
[WhiteElo "1606"]
[WhiteRD "64"]
[BlackElo "1586"]
[BlackRD "54"]
[GameID "382650"]

1. d4 e6 2. e4 d5 3. Nc3 Nf6 4. e5 Nfd7 5. f4 Be7 6. Nf3 c5 7. Be3 Nc6 8. Bd3 c4 9. Be2 O-O 10. Qd2 Qb6
11. f5 Qxb2 12. O-O Qb6 13. fxe6 fxe6 14. Ng5 Bxg5 15. Rxf8+ Nxf8 16. Bxg5 Qxd4+ 17. Qxd4 Nxd4 18. Bd1 Bd7
0-1

[Event "Challenge Frank"]
[Site "SchemingMind.com"]
[Date "2015.06.28"]
[Round "-"]
[White "Simon Green"]
[Black "Transcendent"]
[Result "1/2-1/2"]
[WhiteCountry "ENG"]
[BlackCountry "ENG"]
[WhiteElo "1586"]
[WhiteRD "54"]
[BlackElo "1606"]
[BlackRD "64"]
[GameID "382651"]

1. d4 d5 2. e3 Nf6 3. Bd3 c5 4. c3 Nc6 5. f4 e6 6. Nf3 Qc7 7. O-O Bd7 8. Qe1 Be7 9. Nbd2 cxd4 10. cxd4 O-O
11. a3 Rac8 12. b4 a6 13. Bb2 Rfe8 14. Rc1 Qd8 15. Qg3 Na7 16. Ne5 Bb5 17. Rxc8 Qxc8 18. Bxb5 Nxb5 19. Rc1 Qb8 20. Ndf3 Rc8
21. Ng5 Nh5 22. Qh4 Bxg5 23. Qxh5 Bf6 24. Nd7 Rxc1+ 25. Bxc1 Qd8 26. Nxf6+ Qxf6 27. Qe5 Qxe5 28. fxe5=
1/2-1/2

[Event "Challenge Frank"]
[Site "SchemingMind.com"]
[Date "2015.06.28"]
[Round "-"]
[White "ray winteringham"]
[Black "Simon Green"]
[Result "0-1"]
[WhiteCountry "ENG"]
[BlackCountry "ENG"]
[WhiteElo "1497"]
[WhiteRD "49"]
[BlackElo "1559"]
[BlackRD "51"]
[GameID "382652"]

1. e4 e6 2. d4 d5 3. e5 c5 4. Nf3 Nc6 5. Bb5 Bd7 6. O-O cxd4 7. Bxc6 Bxc6 8. Qxd4 f5 9. Bd2 Be7 10. Nc3 b6
11. Ne2 Bc5 12. Qh4 Qxh4 13. Nxh4 Ne7 14. Nf4 Kd7 15. Nd3 Ng6 16. Nxg6 hxg6 17. Bb4 Bxb4 18. Nxb4 a5 19. Nxc6 Kxc6 20. f4 Kc5
21. h3 Rac8 22. c3 b5 23. Rfd1 b4 24. Rac1 Kb5 25. cxb4 axb4 26. b3 Rc3 27. Kf2 Rhc8 28. Rxc3 Rxc3 29. Rd2 Kc5 30. Ke2 d4
31. Kf2 Kd5 32. Ke2 Ke4 33. Kf2 d3 34. g3 Rc2 35. Ke1 Ke3
0-1

[Event "Challenge Frank"]
[Site "SchemingMind.com"]
[Date "2015.06.29"]
[Round "-"]
[White "Simon Green"]
[Black "ray winteringham"]
[Result "0-1"]
[WhiteCountry "ENG"]
[BlackCountry "ENG"]
[WhiteElo "1559"]
[WhiteRD "51"]
[BlackElo "1497"]
[BlackRD "49"]
[GameID "382653"]

1. d4 d5 2. e3 Bf5 3. Bd3 Qd7 4. f4 g6 5. Nf3 Bg7 6. O-O Nf6 7. Nbd2 Nc6 8. Ne5 Qc8 9. Bb5 Qe6 10. Nb3 O-O
11. Nc5 Qc8 12. Nxc6 bxc6 13. Bxc6 Rb8 14. b3 Ne4 15. Bxd5 Nd6 16. c3 e6 17. Bc6 Ne4 18. Nxe4 Qa6 19. d5 Bxe4 20. Qd2 exd5
21. Bxd5 Rfd8 22. Bb2 c6 23. Bxf7+ Kxf7 24. Qf2 Re8 25. Rad1 Qxa2 26. Rd7+ Kf8 27. Ra1 Qxb3 28. Raxa7 Bxc3 29. Bxc3 Qxc3 30. Rf7+ Kg8
31. h3 Bf5 32. Rg7+ Qxg7 33. Rxg7+ Kxg7 34. g4 Be4 35. Kh2 Rb4 36. Kg3 Reb8 37. Qd2 Bd5 38. Qc3+ Kg8 39. Qe5 Rf8 40. h4 Rbb8
41. h5 Rbe8 42. Qd4 Re4 43. h6 Rxd4 44. exd4 Re8
0-1

[Event "Challenge Frank"]
[Site "SchemingMind.com"]
[Date "2015.06.28"]
[Round "-"]
[White "Simon Green"]
[Black "Chessibelle"]
[Result "1-0"]
[WhiteCountry "ENG"]
[BlackCountry "ENG"]
[WhiteElo "1559"]
[WhiteRD "51"]
[BlackElo "1215"]
[BlackRD "58"]
[GameID "382654"]

1. d4 d5 2. e3 Nf6 3. Bd3 g6 4. f4 Bg4 5. Nf3 Bg7 6. Nbd2 Nc6 7. c3 b6 8. O-O O-O 9. Qe1 Nh5 10. Ne5 Be6
11. b4 Qe8 12. Nxc6 Qxc6 13. Nf3 Bh6 14. Bd2 Bg4 15. Ne5 Qe6 16. a4 f6 17. Nf3 f5 18. Ne5 Qd6 19. h3 Bxh3 20. gxh3 g5
21. fxg5 Bxg5 22. Rxf5 Qh6 23. Ng4 Qg7 24. e4 Qg6 25. Rxg5
1-0

[Event "Challenge Frank"]
[Site "SchemingMind.com"]
[Date "2015.06.28"]
[Round "-"]
[White "Chessibelle"]
[Black "Simon Green"]
[Result "0-1"]
[WhiteCountry "ENG"]
[BlackCountry "ENG"]
[WhiteElo "1215"]
[WhiteRD "58"]
[BlackElo "1559"]
[BlackRD "51"]
[GameID "382655"]

1. Nf3 e6 2. d4 d5 3. e3 Nf6 4. Nc3 Bb4 5. Bd2 O-O 6. Bd3 c5 7. a3 Bxc3 8. Bxc3 c4 9. Be2 Nc6 10. O-O b5
11. b3 Ne4 12. Bb2 a6 13. g3 c3 14. Bc1 Bd7 15. Nh4 Na5 16. Qd3 Rc8 17. Bd1 Nc6 18. Qe2 Qg5 19. f4 Qe7 20. f5 exf5
21. Qh5 g6 22. Qe2 Ng5 23. b4 Qd6 24. Rb1 Ne4 25. Qg2 Ne7 26. Nf3 f6 27. h4 h5 28. Nh2 Nxg3 29. Rf3 Ne4 30. Rf4 Kh7
31. Bf3 g5 32. hxg5 fxg5 33. Ng4 gxf4 34. Ne5 Rg8 35. Ng4 fxg4 36. Bxe4+ dxe4 37. Qh2 Qg6 38. Qh4 Nf5 39. Qf2 f3 40. Qe1 g3
41. Bd2 f2+
0-1

[Event "Challenge Frank"]
[Site "SchemingMind.com"]
[Date "2015.06.28"]
[Round "-"]
[White "Simon Green"]
[Black "frankly"]
[Result "0-1"]
[WhiteCountry "ENG"]
[BlackCountry "ENG"]
[WhiteElo "1559"]
[WhiteRD "51"]
[BlackElo "2436"]
[BlackRD "60"]
[GameID "382656"]

1. d4 Nf6 2. e3 e6 3. Bd3 d5 4. f4 c5 5. c3 Bd6 6. Nf3 O-O 7. O-O b6 8. Nbd2 Ba6 9. Bxa6 Nxa6 10. Ne5 Qc7
11. Qe1 Nb8 12. b3 cxd4 13. cxd4 Nbd7 14. Ndf3 Ne4 15. Bd2 Rac8 16. Rc1 Qb7 17. Rxc8 Rxc8 18. Qe2 Rc2 19. Rc1 Rxa2 20. Nxd7 Qxd7
21. Qd3 Ba3 22. Ne5 Qe8 23. Nc6 Bxc1 24. Bxc1 Qxc6
0-1